| 000 | 00432nam a2200157 a 4500 | ||
|---|---|---|---|
| 001 | 000036004 | ||
| 005 | 20200930074807.0 | ||
| 008 | 111122s1997 dr a 000 0 spa d | ||
| 020 | _a8489546053 | ||
| 040 |
_aDO-SdBNP _bspa _cBNPHU |
||
| 082 |
_axxxx _bA661 |
||
| 100 | 1 |
_aArambilet, Luis _924291 |
|
| 245 | 1 | 0 |
_aInsectos / : _bArambilet. |
| 260 |
_a[Santo Domingo] : _bPublicaciones CSA, _c1997. |
||
| 300 |
_a[98 p.] : _bil. ; _c14 cm. |
||
| 999 |
_c35495 _d35495 |
||